[Event "Chess Festival Cracovia B 2020"]
[Site "Krakow"]
[Date "2020.12.29"]
[Round "3.1"]
[White "Golenia, Jan"]
[Black "Golenia, Wojciech"]
[Result "1/2-1/2"]
[WhiteElo "2070"]
[BlackElo "2004"]
[Annotator "TA"]
[PlyCount "62"]
[EventDate "2020.12.28"]
[EventCountry "POL"]
[SourceTitle "playchess.com"]
[Source "ChessBase"]
[SourceQuality "1"]

{[%evp 17,62,0,4,2,15,0,1,0,0,0,0,0,0,0,0,0,0,-6,-5,0,0,0,0,0,0,0,0,0,10,0,0,0,0,0,0,0,0,0,0,0,0,0,0,0,0,0,0]} 1. e4 e6 2. d4 d5 3. exd5 exd5 4. Bd3 Nf6 5. Nf3 Bd6 6. Bg5 O-O 7. O-O c6 8. Nbd2 Bg4 9. c3 Nbd7 {The position is equal.} 10. Re1 {C01: French: Exchange Variation.} Bh5 11. Bh4 (11. Qc2 {seems wilder.} Qc7 12. a3 h6 13. Be3 Bg4 14. h3) 11... Qc7 {Threatening ...Bxh2+!} 12. Bg3 Bxg3 13. hxg3 Rfe8 14. Qc2 Bg6 15. Rxe8+ Rxe8 16. Bxg6 hxg6 17. Re1 Rxe1+ 18. Nxe1 {[#]} b6 $146 ({Predecessor:} 18... Ne8 19. Nd3 Nd6 20. Qb3 Qb6 21. Qxb6 axb6 22. Kf1 Kf8 23. Ke2 Ke7 24. g4 g5 {½-½ (30) Darban,M (2333)-Hamidi,A (2221) Marmaris 2019}) 19. Nd3 c5 20. Nf3 c4 21. Nde5 Nxe5 22. Nxe5 Nd7 23. Nxd7 Qxd7 $11 {[%mdl 4096] Endgame KQ-KQ} 24. Qe2 f6 25. b3 b5 26. bxc4 bxc4 27. Qb2 Qa4 28. Qb7 Qd1+ 29. Kh2 Qh5+ 30. Kg1 Qd1+ 31. Kh2 Qh5+ {An uneventful encounter.  Weighted Error Value: White=0.02/Black=0.01} 1/2-1/2

[Event "Chess Festival Cracovia B 2020"]
[Site "Krakow"]
[Date "2020.12.29"]
[Round "3.2"]
[White "Prieb, Robert"]
[Black "Slabek, Grzegorz"]
[Result "1/2-1/2"]
[WhiteElo "2032"]
[BlackElo "1961"]
[Annotator "TA"]
[PlyCount "77"]
[EventDate "2020.12.28"]
[EventCountry "POL"]
[SourceTitle "playchess.com"]
[Source "ChessBase"]
[SourceQuality "1"]

{[%evp 12,77,47,3,16,15,49,50,52,58,58,61,66,0,16,16,19,0,18,19,20,20,20,22,14,12,26,40,40,34,35,29,33,31,25,0,0,0,20,16,30,0,16,0,0,0,0,0,0,0,0,0,0,0,0,0,0,0,0,0,0,0,0,0,0,0,0,0]} 1. d4 Nf6 2. c4 e6 3. Nc3 d5 4. Nf3 Be7 5. Bf4 O-O 6. e3 c6 {6...b6 is setting a new trend.} 7. c5 b6 {D37: Queen's Gambit Declined: 5 Bf4.} 8. b4 {[%cal Bb2b4,Bb4c5][%mdl 32]} bxc5 9. bxc5 Qa5 {White is slightly better.} 10. Qd2 Ba6 11. Bxa6 Qxa6 {[#]} 12. h4 $146 (12. Qe2 $14) ({Predecessor:} 12. Qe2 Qa5 13. Qd2 Nh5 14. Be5 Nd7 15. O-O Qa6 16. Rab1 f6 17. Bd6 Bxd6 18. cxd6 {1-0 (42) Munkhgal,G (2413)-Du,Y (2072) Shijiazhuang 2015}) 12... Nbd7 13. Qe2 Qa5 14. Qd2 Qa6 15. Rc1 Ne4 16. Nxe4 dxe4 17. Ne5 {[%cal Re5d7]} Nxe5 18. Bxe5 Bd8 {[#] ...Ba5 is the strong threat.} 19. Qe2 Qa5+ 20. Kf1 Bc7 21. Bxc7 Qxc7 22. Qc2 f5 23. Rb1 Rab8 24. Ke2 Rxb1 25. Rxb1 $11 {[%mdl 4096] Endgame KQR-KQR} Rb8 26. Rb3 Kf7 {The position is equal.} 27. Qb2 Rxb3 28. Qxb3 {KQ-KQ} Qa5 29. a4 (29. Kf1 {with more complications.} a6 30. Qb7+ Kf6 31. Qc8 Qd2 32. Qf8+) 29... Qa6+ 30. Ke1 $1 Qa5+ 31. Kf1 Qd2 32. g3 a5 33. Qb7+ {[%mdl 64] [#] Double Attack} Kf6 34. Qxc6 Qd1+ $1 35. Kg2 Qf3+ $1 36. Kg1 {Threatens to win with Qb6.} Qd1+ $1 37. Kg2 Qf3+ $1 38. Kg1 {Black must now prevent Qb6.} Qd1+ $1 39. Kg2 {Weighted Error Value: White=0.07/Black=0.03} 1/2-1/2

[Event "Chess Festival Cracovia B 2020"]
[Site "Krakow"]
[Date "2020.12.29"]
[Round "3.3"]
[White "Liberadzki, Slawomir"]
[Black "Szczurek, Krzysztof"]
[Result "1/2-1/2"]
[WhiteElo "1947"]
[BlackElo "2031"]
[Annotator "TA"]
[PlyCount "60"]
[EventDate "2020.12.28"]
[EventCountry "POL"]
[SourceTitle "playchess.com"]
[Source "ChessBase"]
[SourceQuality "1"]

{[%evp 16,60,64,16,57,43,77,80,89,71,101,75,81,58,108,110,227,230,216,210,208,222,265,120,274,129,160,107,124,95,131,86,76,85,83,86,85,69,92,69,69,69,92,92,92,92,92]} 1. c4 Nf6 2. Nc3 g6 3. e4 d6 4. d4 Bg7 5. f3 O-O 6. Be3 Nbd7 7. Qd2 c5 8. Nge2 a6 9. g4 e6 {E81: King's Indian: Sämisch: 6th move deviations (including 6 Be3 c6).} 10. Ng3 {[#]} Qc7 $146 ({Predecessor:} 10... cxd4 11. Bxd4 Ne5 12. Be2 Nc6 13. Be3 Qe7 14. O-O-O Rd8 15. Bb6 Rd7 16. Na4 Rb8 17. Kb1 {1-0 (34) Schneider,I-Tuerk,P Mittelrhein 1994}) 11. Be2 b6 12. O-O Bb7 13. d5 exd5 14. exd5 Rae8 15. Bh6 Re5 (15... Bxh6 $16 16. Qxh6 Re7) 16. Bxg7 $18 Kxg7 17. f4 Re7 18. g5 {Black must now prevent f5.} Ng8 19. Bg4 (19. Nce4 $18) 19... Bc8 $2 (19... f5 $16) 20. Rae1 (20. Nce4 $18 {is more deadly.}) 20... f5 {[#]} 21. Be2 (21. gxf6+ $142 $1 Ndxf6 22. Bxc8 Rxe1 23. Rxe1 Rxc8 24. Re6) 21... Rfe8 22. Bd3 Nf8 23. a4 Rxe1 24. Rxe1 Rxe1+ 25. Qxe1 Qe7 26. Kf2 (26. Qd2 {with more complications.} h6 27. h4 Qe8 28. Kf2 Ne7 29. Nf1) 26... Bd7 27. h4 Qxe1+ 28. Kxe1 a5 29. Kf2 Ne7 30. b3 Kf7 {Weighted Error Value: White=0.26/Black=0.32} 1/2-1/2

[Event "Chess Festival Cracovia B 2020"]
[Site "Krakow"]
[Date "2020.12.29"]
[Round "3.4"]
[White "Jankowiak, Piotr"]
[Black "Swider, Pawel"]
[Result "1-0"]
[WhiteElo "2031"]
[BlackElo "1893"]
[Annotator "TA"]
[PlyCount "51"]
[EventDate "2020.12.28"]
[EventCountry "POL"]
[SourceTitle "playchess.com"]
[Source "ChessBase"]
[SourceQuality "1"]

{[%evp 9,51,-7,0,-2,32,16,5,-2,16,15,38,9,18,19,25,16,62,38,87,40,190,189,197,153,340,335,441,439,817,834,820,811,777,756,727,509,29987,29988,5706,1479,1945,1899,5939,5597]} 1. d4 d5 2. Bf4 Nf6 3. e3 g6 4. Nc3 Bg7 5. h4 h5 6. Nf3 {D00: 1 d4 d5: Unusual lines.} Bf5 7. Ne5 c6 8. Qd2 {The position is equal.} Nbd7 9. f3 Qa5 10. O-O-O Nxe5 11. Bxe5 b5 12. Kb1 {[#]} Qb6 $146 ({Predecessor:} 12... b4 13. Ne2 Qb6 14. Nf4 a5 15. Bd3 Bxd3 16. cxd3 Kf8 17. Rc1 Nd7 18. Bxg7+ Kxg7 {1-0 (35) Vorotnikov,V (2435)-Loginov,V Aktyubinsk 1985}) 13. Bd3 Be6 14. e4 O-O-O (14... dxe4 $14 15. Bxe4 (15. fxe4 Bh6 $11) 15... O-O-O) 15. exd5 $18 Bxd5 16. Nxd5 Rxd5 {A mistake that costs the game.} (16... cxd5 $16 17. Qc3+ (17. Qb4 Ne8 $16) 17... Kb7) 17. c4 Rd7 18. cxb5 {[#] aiming for Rc1.} cxb5 (18... Ne8 $142 19. bxc6 Rd8 20. Bxg7 Nxg7) 19. Rc1+ Kb7 20. Rc5 a6 21. Rhc1 Rhd8 22. Rc7+ Ka8 (22... Rxc7 $18 23. Rxc7+ Qxc7) 23. R1c6 Qxc7 24. Rxc7 (24. Bxc7 $142 Rxc7 25. Rxc7) 24... Rxc7 25. Bxc7 Rxd4 {[#]} 26. Qa5 $1 {[%cal Ra5a6] Weighted Error Value: White=0.30/Black=1.02} 1-0

[Event "Chess Festival Cracovia B 2020"]
[Site "Krakow"]
[Date "2020.12.29"]
[Round "3.5"]
[White "Zima, Teofil"]
[Black "Musial, Tomasz"]
[Result "0-1"]
[WhiteElo "1897"]
[BlackElo "2026"]
[Annotator "TA"]
[PlyCount "64"]
[EventDate "2020.12.28"]
[EventCountry "POL"]
[SourceTitle "playchess.com"]
[Source "ChessBase"]
[SourceQuality "1"]

{[%evp 11,64,17,29,29,23,18,33,27,27,30,25,6,8,-138,-131,-162,-163,-165,-161,-200,-202,-191,-200,-304,-292,-279,-285,-293,-303,-289,-302,-277,-243,-527,-545,-517,-202,-819,-542,-517,-527,-535,-520,-511,-403,-592,-497,-492,-457,-561,-384,-370,-388,-476,-470]} 1. e4 c6 2. Nf3 d5 3. Nc3 Bg4 4. h3 Bxf3 5. Qxf3 e6 6. d4 dxe4 7. Qxe4 {B11: Caro-Kann: Two Knights Variation.} Nf6 8. Qd3 Na6 9. a3 {White is slightly better.} Qa5 10. Rb1 Nc7 11. b4 Qf5 {[#]} 12. Qg3 $146 (12. Qxf5 $11 exf5 13. Bd3) ({Predecessor:} 12. Qxf5 exf5 13. Bd3 Ne6 14. Ne2 g6 15. c4 O-O-O 16. Be3 Bg7 17. Kd2 Ne4+ 18. Bxe4 fxe4 {0-1 (36) Lu,S (2627)-Mamedyarov,S (2768) Doha 2016}) 12... Qxc2 $17 13. Qxc7 Qxc3+ {[%mdl 64] Double Attack} 14. Bd2 Qxd4 $40 {[%mdl 128] Black goes for the king.} 15. Rd1 Ne4 {[%csl Ge4][%cal Rd4f2]} 16. Be3 Qc3+ {[%mdl 64] Double Attack} 17. Ke2 (17. Bd2 {keeps fighting.} Nxd2 18. Rxd2) 17... Qc2+ $1 $19 18. Ke1 {[%csl Gd1][%cal Rc7d7] [#]} Bd6 $1 {[%cal Rd6c7]} 19. Qxb7 Rb8 20. Qa6 {Hoping for Rc1.} Qc3+ 21. Ke2 O-O {...Qb2+ is the strong threat.} 22. Rc1 $2 (22. Qd3 f5 23. g3) 22... Qb2+ 23. Kf3 {[#]} Qf6+ $2 (23... Nxf2 $1 {[%mdl 512]} 24. Bxf2 (24. Bd3 Nxh1) 24... Qxc1) 24. Ke2 $2 {[#]} (24. Kxe4 Rfd8 25. Kd3) 24... Nxf2 $1 {[%mdl 512]} 25. Bxf2 Qb2+ {[%mdl 64] Double Attack} 26. Kf3 Qxc1 27. g3 Qd2 {aiming for ...Qd5+.} 28. Bc4 (28. Qd3 $142 Qxd3+ 29. Bxd3) 28... Be5 29. Be3 Qd7 30. Bb3 Qb7 31. Qxb7 Rxb7 32. Rc1 Bb2 {White did not feel at home in the position after the opening.  Weighted Error Value: White=0.68/Black=0.40} 0-1

[Event "Chess Festival Cracovia B 2020"]
[Site "Krakow"]
[Date "2020.12.29"]
[Round "3.6"]
[White "Kalkowski, Igor"]
[Black "Gorkiewicz, Mateusz"]
[Result "0-1"]
[WhiteElo "1799"]
[BlackElo "2014"]
[Annotator "TA"]
[PlyCount "72"]
[EventDate "2020.12.28"]
[EventCountry "POL"]
[SourceTitle "playchess.com"]
[Source "ChessBase"]
[SourceQuality "1"]

{[%evp 9,72,-8,0,-4,1,0,0,0,0,0,-4,-9,0,0,0,0,9,-32,-7,-12,-16,-51,-47,-47,0,0,0,-2,-11,-21,-17,-94,-96,-85,-82,-76,-90,-115,-117,-110,-105,-160,-83,-186,-185,-173,-191,-241,-256,-295,-295,-324,-322,-333,-318,-319,-324,-317,-309,-342,-297,-379,-380,-425,-400]} 1. e4 e5 2. Bc4 Nf6 3. d3 Nc6 4. Nc3 Na5 5. Qf3 d6 6. h3 {C28: Vienna Game: 2...Nf6 3 Bc4 Nc6.} Be7 7. Nge2 c6 8. a4 {The position is equal.} Nxc4 9. dxc4 Be6 10. b3 d5 11. cxd5 cxd5 12. exd5 Nxd5 {[#]} 13. Nxd5 $146 (13. O-O {seems wilder.} Qa5 14. Bb2 O-O 15. Nb5 a6 16. c4) ({Predecessor:} 13. O-O Nxc3 14. Nxc3 Rc8 15. Rd1 Qa5 16. Bb2 Qa6 17. Nd5 Rxc2 18. Qe4 Qc6 19. Qxe5 {½-½ (25) Patil,P (2182)-Gusain,H (2320) New Delhi 2013}) 13... Bxd5 14. Qg3 O-O $36 {[%mdl 2048] aiming for ...Bh4. White is under pressure.} 15. O-O Bh4 16. Qe3 Qc7 17. c4 Bc6 18. Bb2 Rfe8 19. Rad1 f5 20. f4 (20. Nc3 $11) 20... exf4 $17 {Black keeps a firm grip on the game.} 21. Qxf4 Qxf4 22. Nxf4 Re3 23. Rd3 Rxd3 24. Nxd3 Rd8 25. Ne5 {[#]} (25. Nf4 $142) 25... Be4 (25... Bxg2 $142 $1 {[%mdl 512]} 26. Kxg2 Rd2+ {[%mdl 64] Double Attack} 27. Kg1 Rxb2 28. Rxf5 Rxb3) 26. Nf3 {[#]} (26. Bc3 $17) 26... Be7 $1 $19 27. Kh2 Rd3 28. Rf2 Rxb3 29. Rd2 Kf7 30. Ne5+ Ke6 31. Nf3 {Threatens to win with Nd4+.} Bd6+ 32. Kg1 {Black must now prevent Nd4+.} Bxf3 33. gxf3 Rxf3 34. Re2+ Kd7 35. Rd2 Kc6 36. Bd4 Rg3+ {Weighted Error Value: White=0.24/Black=0.07} 0-1

[Event "Chess Festival Cracovia B 2020"]
[Site "Krakow"]
[Date "2020.12.29"]
[Round "3.7"]
[White "Cap, Piotr"]
[Black "Cichon, Jakub"]
[Result "1-0"]
[WhiteElo "2008"]
[BlackElo "1678"]
[Annotator "TA"]
[PlyCount "121"]
[EventDate "2020.12.28"]
[EventCountry "POL"]
[SourceTitle "playchess.com"]
[Source "ChessBase"]
[SourceQuality "1"]

{[%evp 9,121,11,4,17,48,52,57,25,45,28,153,18,25,7,7,29,34,26,91,8,13,0,53,53,47,46,52,39,106,112,113,109,150,153,141,134,151,138,178,177,213,195,207,186,204,197,272,264,339,331,332,289,309,301,296,296,288,258,283,280,253,239,303,295,337,314,393,212,210,210,182,43,289,289,289,289,289,289,289,289,282,280,256,241,227,116,1043,934,29968,29969,29968,29969,29971,29971,29977,29973,29968,29971,29971,29972,29977,29978,29974,29978,29979,29980,29980,29981,29981,29982,29982,29983,29983,29984]} 1. d4 d5 2. Nf3 Nf6 3. c4 e6 4. Nc3 b6 5. g3 dxc4 6. Qa4+ {D37: Queen's Gambit Declined: 5 Bf4.} Qd7 7. Qxc4 Ba6 8. Qb3 {[#] White is slightly better.} Nc6 $146 ({Predecessor:} 8... Bb7 9. Bg2 Nc6 10. e3 Na5 11. Qc2 Bb4 12. O-O Bxc3 13. bxc3 Be4 14. Qe2 Qd5 {½-½ (38) Nal,P (1499)-Militon,A (1480) Aix les Bains 2007}) 9. Bg2 Rd8 (9... Nd5 $11 {remains equal.}) 10. Bf4 (10. Ne5 $1 $16 Nxe5 11. dxe5) 10... Nd5 $11 ({But not} 10... Nxd4 $2 11. Nxd4 Qxd4 12. Bc6+ Rd7 13. O-O $18) 11. Ne5 Nxe5 12. Nxd5 exd5 13. Bxe5 f6 {[#]} (13... c6 $11) 14. Bf4 (14. Bxc7 $1 $16 Rc8 (14... Qxc7 15. Qa4+) 15. Bf4) 14... Bc4 (14... c5 {feels hotter.} 15. dxc5 Bxc5 16. O-O O-O 17. Rfd1 Bxe2 18. Rxd5 Qf7) 15. Qc3 Bd6 (15... c5 $11) 16. Bxd6 $14 Qxd6 17. O-O O-O 18. Rfe1 c5 (18... f5 $14) 19. e4 $16 cxd4 20. Qxd4 Qe5 21. Qxe5 fxe5 22. b3 $1 Bd3 23. exd5 e4 24. Bh3 $1 ({Much less strong is} 24. Bxe4 Bxe4 25. Rxe4 Rxd5 $16) 24... Rf6 25. Be6+ Kh8 26. Rad1 h5 27. h4 g6 (27... Rf3 $142 28. Rc1 g5 29. hxg5 Kg7) 28. Re3 $18 Rdf8 29. f4 Re8 30. Rc1 Re7 31. Rc8+ Kg7 32. Re1 Rf8 33. Rec1 Rxc8 34. Rxc8 {[%mdl 4096] Endgame KRB-KRB} (34. Bxc8 e3 $16) 34... e3 35. Rc3 e2 36. Kf2 Ba6 37. Ke1 Kf6 38. b4 (38. a4 $142) 38... Bb5 39. a3 Kg7 40. Bh3 (40. f5 $1 $18 {Hoping for d6.} gxf5 41. Bxf5) 40... Kf6 $2 ({Black should try} 40... Re4 $1 $14) 41. d6 Re4 42. a4 {[%mdl 64] Deflection} Bxa4 {[#] Black wants to play ...Bb5.} 43. Rd3 $1 Re8 44. Ra3 Bb5 {[#] Threatening ...Re4.} 45. d7 $1 {[%cal Rd7e8]} ({Weaker is} 45. Rxa7 Re4 $11) 45... Rd8 46. Rxa7 Ke7 47. Bg2 ({Better is} 47. Ra2 $18) 47... Bxd7 $2 {[%mdl 8192]} (47... Rf8 $16) 48. Bc6 Kd6 49. Rxd7+ {White mates.} Rxd7 50. Bxd7 Kxd7 51. Kxe2 {KP-KP} Kc6 52. Kd3 Kd5 53. Ke3 Ke6 54. Kf3 Kd5 55. g4 Kd4 56. f5 {[%mdl 64] Overworked Piece} gxf5 57. gxh5 Ke5 58. b5 Ke6 59. Kf4 Kf6 60. h6 Kg6 61. h7 {Weighted Error Value: White=0.17/Black=0.37} 1-0

[Event "Chess Festival Cracovia B 2020"]
[Site "Krakow"]
[Date "2020.12.29"]
[Round "3.8"]
[White "Ravlusevic, Evelina"]
[Black "Ruhland, Cliff"]
[Result "1-0"]
[WhiteElo "1581"]
[BlackElo "2006"]
[Annotator "TA"]
[PlyCount "149"]
[EventDate "2020.12.28"]
[EventCountry "POL"]
[SourceTitle "playchess.com"]
[Source "ChessBase"]
[SourceQuality "1"]

{[%evp 18,149,34,10,66,50,50,43,45,37,60,56,42,36,43,54,49,16,18,-6,19,-20,-10,-25,-9,-68,-48,-83,-78,-89,-102,-100,-58,-31,10,-33,-37,-29,0,0,0,0,4,0,1,0,0,0,0,-10,191,0,0,0,22,0,78,54,198,193,228,210,225,224,224,188,228,228,226,152,205,59,59,59,71,65,70,52,145,149,156,135,159,93,93,93,474,474,307,468,452,414,203,90,90,90,1506,1416,1379,1278,1049,1025,29968,29969,29970,29958,29974,29975,29974,29976,29976,29977,29976,29977,29976,29976,29979,29979,29981,29982,29986,29987,29987,29988,29988,29989,29989,29990,29991,29992,29992,29993,29993,29993]} 1. d4 d5 2. c4 c6 3. Nf3 Nf6 4. Nc3 a6 5. c5 g6 6. h3 Bg7 7. Bf4 O-O 8. e3 Re8 9. Bd3 Nbd7 10. O-O Nf8 {D15: Slav Defence: 4 Nc3 a6 and gambit lines after 4 Nc3 dxc4.} (10... Nh5 $1 $11) 11. Bh2 N6d7 12. e4 dxe4 {White is slightly better.} 13. Nxe4 Nf6 14. Nc3 Be6 {[#]} 15. Bc2 $146 ({Predecessor:} 15. Re1 Nd5 16. Be4 Nf6 17. Bc2 Bh6 18. Bd3 Nd5 19. Ne4 {1-0 (37) Kazhgaleyev,M (2606)-Zatonskih,A (2432) Port Erin 2006}) 15... b5 16. cxb6 Qxb6 17. Na4 Qa7 18. Ne5 Bd5 19. Bb3 Ne6 20. Bxd5 cxd5 21. Nc6 (21. Rc1 $1 $11) 21... Qb7 $1 $15 {[%cal Rb7c6]} 22. Ne5 Rac8 23. b3 Qa7 24. Nf3 Nd7 {[%cal Re6d4]} 25. Be5 Red8 26. Qd2 Nxe5 27. dxe5 a5 28. Rac1 d4 29. Rfd1 Nc5 30. Nxc5 Rxc5 31. Rxc5 Qxc5 32. Rc1 Qb6 33. Rc4 {[%cal Rc4d4]} f6 $2 (33... d3 $11 {and Black stays safe.}) 34. exf6 $2 ({Wrong is} 34. Nxd4 $2 fxe5 35. Rc2 exd4 $19) ({Only move:} 34. Rxd4 $18 Rxd4 35. Qxd4 (35. Nxd4 fxe5 36. Nf3 Qc5 $16) 35... Qxd4 36. Nxd4) 34... Bxf6 $11 35. Qd3 Qb5 36. Ne1 e5 {[#]} (36... Qd5 $11 {keeps the balance.}) 37. Rxd4 $1 Qe8 (37... Qxd3 $14 38. Rxd3 Rc8) 38. Rxd8 $18 Bxd8 39. Qe4 Kf8 40. Nf3 Bc7 41. Nd2 Qe7 42. Nc4 Qc5 43. Qe3 Qd5 (43... Qxe3 $16 44. fxe3 (44. Nxe3 Ke7 $16) 44... Kf7) 44. Qf3+ ({White should play} 44. g3 $18) 44... Qxf3 $14 45. gxf3 {[%mdl 4096] Endgame KB-KN} Ke7 46. Kf1 Ke6 47. Ke2 Kd5 (47... Kf5 $14) 48. Kd3 $16 Bd8 49. Ne3+ Kc5 50. Ke4 (50. a3 $142) 50... Kb4 51. Nc4 $1 a4 $2 {[%mdl 8192]} (51... Bh4 $16) 52. Nxe5 $18 {And now Nc6+ would win.} axb3 53. axb3 Kxb3 54. f4 Kc3 (54... Be7 $142 55. f5 gxf5+ 56. Kxf5 Kc3) 55. f3 (55. Nf3 $18 {is more deadly.}) 55... Kd2 $16 {[#]} 56. Nf7 $1 {[%cal Rf7d8]} Bf6 {[%mdl 8192] [#]} (56... Be7 $16) 57. Ng5 $1 $18 {[%cal Rg5h7]} h6 58. Nf7 Bg7 59. Ne5 Ke2 60. Nxg6 {White mates.} Kf2 61. h4 h5 62. f5 Kg3 63. Kd5 Kxf3 64. Ke6 Kg4 65. f6 Bh6 66. Ke5 Kh3 67. Kf5 Kg3 68. f7 Kh3 69. Nf4+ Kxh4 70. Ne6 Kg3 71. Kg6 {[%mdl 64] Double Attack} Bf8 72. Nxf8 h4 73. Ne6 h3 74. f8=Q h2 75. Qa8 {Weighted Error Value: White=0.24/Black=0.56} 1-0

[Event "Chess Festival Cracovia B 2020"]
[Site "Krakow"]
[Date "2020.12.29"]
[Round "3.9"]
[White "Lochte, Thomas"]
[Black "Panek, Bartosz"]
[Result "0-1"]
[WhiteElo "2076"]
[BlackElo "1981"]
[Annotator "TA"]
[PlyCount "56"]
[EventDate "2020.12.28"]
[EventCountry "POL"]
[SourceTitle "playchess.com"]
[Source "ChessBase"]
[SourceQuality "1"]

{[%evp 11,56,-22,10,-27,-24,-8,-8,-33,-33,-39,-33,-50,-40,-43,-29,-33,-39,-36,-16,-63,0,-8,61,61,55,52,106,105,231,225,267,267,267,267,267,267,244,90,244,213,404,393,391,-581,-584,-29995,-29996]} 1. e4 c5 2. d4 cxd4 3. c3 dxc3 4. Nxc3 Nc6 5. Nf3 e6 6. Bc4 Nf6 7. O-O {[#] B21: Sicilian: 2 f4 and Morra Gambit.} Nxe4 $1 {[%mdl 64] Remove Defender, Decoy} 8. Nxe4 {Hoping for Nd6+.} d5 {[%mdl 64] Double Attack} 9. Bb5 {The position is equal.} dxe4 10. Qxd8+ Kxd8 11. Rd1+ Ke7 12. Bxc6 bxc6 13. Ne5 Kf6 14. Bf4 g5 15. Bg3 {[#]} Bg7 $146 (15... h5 $15) ({Predecessor:} 15... Bc5 16. Nxc6 Kg6 17. Rac1 Bb6 18. Ne5+ Kg7 19. Nc4 Ba6 20. Nxb6 axb6 21. a4 Bd3 {0-1 (27) Schmelz,T-Pielnik,R Germany 1993}) 16. Rac1 Ba6 (16... h5 $1 $11) 17. Rd7 $1 $36 {[%csl Ge5][%cal Rd7f7][%mdl 2048] White fights for an advantage.} Rhf8 18. Rc7 Kf5 (18... h5 $14) 19. Nxf7 $16 Bxb2 {[#]} (19... Bd4 $16 {was necessary.}) 20. Rc5+ $1 $18 (20. R1xc6 $6 Kf6) 20... Kf6 21. Nxg5 {[%mdl 64] Double Attack, Discovered Attack} e3 22. Nxh7+ {[%mdl 64] Double Attack} Kg6 {Strongly threatening ...e2!} 23. Nxf8+ Rxf8 24. f4 $2 ({Don't blunder} 24. Rxa7 $2 {[#]} e2 $1 $19) (24. R5xc6 $18 e2 25. Rxe6+ Kf5 26. Rce7 (26. Rxa7 Rd8 $11)) 24... e2 $2 (24... Bb5 $16) 25. R5xc6 Rd8 $2 (25... Rxf4 {is a better defense.} 26. Rxe6+ Kf5 27. Bxf4 Bd4+ 28. Kh1 Kxe6) 26. Kf2 ({Inferior is} 26. Rxe6+ Kf5 $17) 26... Rd1 27. Rxe6+ $4 {[%mdl 8192]} (27. Kf3 $18 {avoids the disaster.} Bb5 28. Rxe6+ Kf5 29. Rce7) 27... Kf5 $19 {White must now prevent ...Bd4+.} 28. Rxe2 Bd4+ {Weighted Error Value: White=0.85/Black=0.40} 0-1